Đại số tuyến tính và hình học
Giới thiệu phương pháp nghiên cứu hình học Owclit, tọa độ vecto, các phép tính đại số.
Saved in:
| Main Author: | |
|---|---|
| Format: | Book |
| Language: | Undetermined |
| Published: |
Hà Nội
Giáo dục
1987
|
| Subjects: | |
| Tags: |
Add Tag
No Tags, Be the first to tag this record!
|
| Institutions: | Trung tâm Học liệu Trường Đại học Cần Thơ |
|---|
| LEADER | 00791nam a2200205Ia 4500 | ||
|---|---|---|---|
| 001 | CTU_1198 | ||
| 008 | 210402s9999 xx 000 0 und d | ||
| 082 | |a 512.5 | ||
| 082 | |b Qu609/T.1 | ||
| 100 | |a Đoàn, Quỳnh | ||
| 245 | 0 | |a Đại số tuyến tính và hình học | |
| 245 | 0 | |c Đoàn Quỳnh, Văn Như Cương, Hoàng Xuân Sính | |
| 260 | |a Hà Nội | ||
| 260 | |b Giáo dục | ||
| 260 | |c 1987 | ||
| 520 | |a Giới thiệu phương pháp nghiên cứu hình học Owclit, tọa độ vecto, các phép tính đại số. | ||
| 526 | |a Hình học giải tích,Đại số tuyến tính nâng cao | ||
| 526 | |b SP113,SPT610 | ||
| 650 | |a Algebras, linear,Geonometry | ||
| 980 | |a Trung tâm Học liệu Trường Đại học Cần Thơ | ||